000 00509nam a2200181Ia 4500
003 GCL
008 140319s9999 xx 000 0 ara d
040 _aGCL /
_cGCL
082 0 4 _a813.03
_bل ف
100 1 _aليلى العثمان
245 1 0 _aفتحية تختار موتها : مجموعة قصص /
_cليلى العثمان
300 _a167 ص
490 _a
650 0 4 _aالادب العربى
650 0 4 _aالقصة العربية
650 0 4 _aالقصة القصيرة
942 _2ddc
_cBK
999 _c46153
_d46153